Films en une image - 2000 - Statistiques

Statistiques générales
  • Ce quiz a été pris 273 fois
  • Le résultat moyen est 5 sur 12
Statistiques - réponses
Par images Réponse % Correct
Gladiator
94%
X-men
72%
American psycho
62%
Seul au monde
60%
Requiem for a dream
45%
Destination finale
41%
Billy Elliot
35%
In the mood for love
27%
Erin Brockovich
22%
Incassable
22%
Miss détective
13%
American girl
6%
Aucun quiz correspondant
Distribution des résultats
% des personnes avec chaque résultat
Percentile par nombre de réponses
Votre historique - résultats
Vous n’avez pas pris ce quiz